000
00325 a2200157 4500
001
179897
020
_a
040
_c
Magnum
100
_a
-
240
1
0
_a
Marco-aurelio pensamentos
_l
por
245
1
0
_a
Marco-aurelio pensamentos
362
0
_a
1899
440
1
_a
Cultura
697
_a
MAGNITO: A/ANTOLOGIA
942
_c
BK
999
_c
179897
_d
179897